Upkar's national defence academy examination : (Record no. 134907)
[ view plain ]
| 000 -LEADER | |
|---|---|
| fixed length control field | 00702nam a22002297a 4500 |
| 005 - DATE AND TIME OF LATEST TRANSACTION | |
| control field | 20170124110237.0 |
| 010 ## - LIBRARY OF CONGRESS CONTROL NUMBER | |
| LC control number | B-044801 |
| 020 ## - INTERNATIONAL STANDARD BOOK NUMBER | |
| Terms of availability | 205.00 |
| 035 ## - SYSTEM CONTROL NUMBER | |
| System control number | B-044801 |
| 037 ## - SOURCE OF ACQUISITION | |
| Source of stock number/acquisition | Cen Lib/Ret |
| 040 ## - CATALOGING SOURCE | |
| Original cataloging agency | DPL |
| Language of cataloging | EN |
| 082 ## - DEWEY DECIMAL CLASSIFICATION NUMBER | |
| Classification number | 000 |
| Item number | JAI |
| 100 ## - MAIN ENTRY--PERSONAL NAME | |
| Personal name | Jain. |
| 9 (RLIN) | 474 |
| 245 ## - TITLE STATEMENT | |
| Title | Upkar's national defence academy examination : |
| Statement of responsibility, etc | by Jain [and] Gupta |
| Remainder of title | objective type questions / |
| 260 ## - PUBLICATION, DISTRIBUTION, ETC. (IMPRINT) | |
| Place of publication, distribution, etc | Agra |
| Name of publisher, distributor, etc | Upkar Prakashan |
| Date of publication, distribution, etc | 2002 |
| 270 ## - ADDRESS | |
| City | Agra |
| Address | 2/11A, Swadeshi Bima Nagar |
| Postal code | 282002 |
| 300 ## - PHYSICAL DESCRIPTION | |
| Extent | vii,147p. : |
| Dimensions | 24cm(Hb) |
| Other physical details | ill. |
| 650 ## - SUBJECT ADDED ENTRY--TOPICAL TERM | |
| Topical term or geographic name as entry element | General Knowledge |
| 9 (RLIN) | 139486 |
| 650 ## - SUBJECT ADDED ENTRY--TOPICAL TERM | |
| Topical term or geographic name as entry element | General Knowledge -- Mathematics |
| 9 (RLIN) | 42126 |
| 700 ## - ADDED ENTRY--PERSONAL NAME | |
| Personal name | Gupta |
| 9 (RLIN) | 42127 |
| 942 ## - ADDED ENTRY ELEMENTS (KOHA) | |
| Source of classification or shelving scheme | Dewey Decimal Classification |
| Koha item type | English Books |
| Classification part | 000 |
| Call number suffix | JAI |
| Withdrawn status | Lost status | Damaged status | Not for loan | Home library | Current library | Date acquired | Source of acquisition | Cost, normal purchase price | Total Checkouts | Full call number | Barcode | Date last seen | Date checked out | Copy number | Cost, replacement price | Price effective from | Koha item type |
|---|---|---|---|---|---|---|---|---|---|---|---|---|---|---|---|---|---|
| Central Library | Central Library | 31/07/2015 | Cen Lib/Ret | 205.00 | 2 | 000 JAI | B-044801 | 31/07/2018 | 23/07/2018 | 1 | 205.00 | 15/09/2016 | English Books |
